Top 20 Baby Girl Names (1980s) Quiz Stats

Quiz Updated Jul 14, 2015

Challenge
Share
Tweet
Embed
Score 0/20 Timer 03:00
0 Plays Today
% Correct
Jennifer
81.8%
Jessica
81.4%
Sarah
73.2%
Ashley
71.7%
Amanda
71.1%
Stephanie
70.4%
Michelle
68.2%
Elizabeth
67.8%
Megan
64.5%
Nicole
63.8%
% Correct
Melissa
63.6%
Heather
63.4%
Rachel
62.4%
Lauren
58.7%
Kimberly
58.1%
Amy
58%
Tiffany
57.5%
Christina
53.5%
Amber
44.2%
Crystal
29.9%

You're not logged in!

Compare scores with friends on all Sporcle quizzes.
Join for Free
OR
Log In

You Might Also Like...

Show Comments

Extras

Top Quizzes Today


Score Distribution

Your Account Isn't Verified!

In order to create a playlist on Sporcle, you need to verify the email address you used during registration. Go to your Sporcle Settings to finish the process.

Report this User

Report this user for behavior that violates our Community Guidelines.

Details: